| 000 | 00938nam a2200265 i 4500 | ||
|---|---|---|---|
| 001 | 11902 | ||
| 003 | ES-MaACL | ||
| 005 | 20250928103949.0 | ||
| 007 | t| | ||
| 008 | 921222s1990 sp ||||0| spa d | ||
| 016 | 7 | _zCEN920178087 | |
| 020 | _a84-404-7339-7 | ||
| 040 |
_aCEN _bspa _cCEN |
||
| 080 | _a556.54/.56(460)(036) | ||
| 080 | _a502.3(460) | ||
| 100 | 1 |
_aHernández Soria, Miguel Ángel. _963059 |
|
| 245 | 1 | 0 |
_aZonas húmedas españolas de importancia internacional _b: (según criterios para avifauna) / _c[autores, Miguel Angel Hernández Soria, José Antonio Pascual Trillo, Humberto da Cruz]. |
| 260 |
_aMadrid : _bFederación Amigos de la Tierra, _cD.L. 1990. |
||
| 300 |
_a80 p : _bil ; _c22 cm. |
||
| 650 | 1 | 4 |
_aZonas húmedas- _zEspaña. _917865 |
| 700 | 1 |
_aCruz, Humberto da. _941792 |
|
| 700 | 0 |
_aPascual, José Antonio, _d1958- _989354 |
|
| 852 |
_aES-MaACL _jL-19160 _bR.122458 |
||
| 999 |
_c11902 _d11902 |
||